Normal view
MARC view
Entry Personal Name
001 - CONTROL NUMBER
- control field: 11938
003 - CONTROL NUMBER IDENTIFIER
- control field: ARRUPE
005 - DATE AND TIME OF LATEST TRANSACTION
- control field: 20141002120227.0
008 - FIXED-LENGTH DATA ELEMENTS
- fixed length control field: 141002|| aca||aabn | a|a d
040 ## - CATALOGING SOURCE
- Original cataloging agency: ARRUPE
- Transcribing agency: ARRUPE
100 ## - HEADING--PERSONAL NAME
- Personal name: Howe, Susan W.,
- Relator term: joint author.
670 ## - SOURCE DATA FOUND
- Source citation: Work cat.: (ARRUPE)0: Whitney, John R. (John Raymond), 1920- 11934, Religious literature of the West, [1971]